<?xml version="1.0" encoding="UTF-8"?>
<record
    xmlns:xsi="http://www.w3.org/2001/XMLSchema-instance"
    xsi:schemaLocation="http://www.loc.gov/MARC21/slim http://www.loc.gov/standards/marcxml/schema/MARC21slim.xsd"
    xmlns="http://www.loc.gov/MARC21/slim">

  <leader>02650nam a22005177a 4500</leader>
  <controlfield tag="003">OSt</controlfield>
  <controlfield tag="005">20250325025859.0</controlfield>
  <controlfield tag="008">250320t1980    |||||||| |||| 001 | eng d</controlfield>
  <datafield tag="020" ind1=" " ind2=" ">
    <subfield code="a">0-7216-5806-7</subfield>
  </datafield>
  <datafield tag="040" ind1=" " ind2=" ">
    <subfield code="c">JMCFI - Learning Resource Center</subfield>
  </datafield>
  <datafield tag="082" ind1=" " ind2=" ">
    <subfield code="a">MAHL/Nurs'g 616.002'4613 L941 1980</subfield>
  </datafield>
  <datafield tag="100" ind1=" " ind2=" ">
    <subfield code="a">Luckmann, Joan</subfield>
    <subfield code="9">19481</subfield>
  </datafield>
  <datafield tag="245" ind1=" " ind2=" ">
    <subfield code="a">Medical-surgical nursing :</subfield>
    <subfield code="b">a psychophysiologic approach /</subfield>
    <subfield code="c">Joan Luckmann and Karen Creason Sorensen.</subfield>
  </datafield>
  <datafield tag="250" ind1=" " ind2=" ">
    <subfield code="a">Second edition.</subfield>
  </datafield>
  <datafield tag="260" ind1=" " ind2=" ">
    <subfield code="a">Philadelphia :</subfield>
    <subfield code="b">W.B. Saunders Company ,</subfield>
    <subfield code="c">1980.</subfield>
  </datafield>
  <datafield tag="300" ind1=" " ind2=" ">
    <subfield code="a">xvii, 2276 pages :</subfield>
    <subfield code="b">black and white, illus. ;</subfield>
    <subfield code="c">27 cm</subfield>
  </datafield>
  <datafield tag="500" ind1=" " ind2=" ">
    <subfield code="a">Includes indexes.</subfield>
  </datafield>
  <datafield tag="504" ind1=" " ind2=" ">
    <subfield code="a">Includes bibliographical references.</subfield>
  </datafield>
  <datafield tag="650" ind1=" " ind2=" ">
    <subfield code="a">Nursing.</subfield>
    <subfield code="9">248</subfield>
  </datafield>
  <datafield tag="650" ind1=" " ind2=" ">
    <subfield code="a">Surgical nursing.</subfield>
    <subfield code="9">18637</subfield>
  </datafield>
  <datafield tag="650" ind1=" " ind2=" ">
    <subfield code="a">Medicine</subfield>
    <subfield code="x">Nursing texts.</subfield>
    <subfield code="9">19482</subfield>
  </datafield>
  <datafield tag="650" ind1=" " ind2=" ">
    <subfield code="a">Surgery</subfield>
    <subfield code="x">Nursing texts.</subfield>
    <subfield code="9">19483</subfield>
  </datafield>
  <datafield tag="650" ind1=" " ind2=" ">
    <subfield code="a">Nursing care.</subfield>
    <subfield code="9">15630</subfield>
  </datafield>
  <datafield tag="650" ind1=" " ind2=" ">
    <subfield code="a">Psychosomatic disorders.</subfield>
    <subfield code="9">19484</subfield>
  </datafield>
  <datafield tag="650" ind1=" " ind2=" ">
    <subfield code="a">Psychosocial  assessment.</subfield>
    <subfield code="9">19485</subfield>
  </datafield>
  <datafield tag="650" ind1=" " ind2=" ">
    <subfield code="a">Physical assessment.</subfield>
    <subfield code="9">19486</subfield>
  </datafield>
  <datafield tag="650" ind1=" " ind2=" ">
    <subfield code="a">Nursing people experiencing surgery.</subfield>
    <subfield code="9">19487</subfield>
  </datafield>
  <datafield tag="650" ind1=" " ind2=" ">
    <subfield code="a">Nursing people experiencing disturbances of neurologic function.</subfield>
    <subfield code="9">19488</subfield>
  </datafield>
  <datafield tag="650" ind1=" " ind2=" ">
    <subfield code="a">Nursing people experiencing pain.</subfield>
    <subfield code="9">19489</subfield>
  </datafield>
  <datafield tag="650" ind1=" " ind2=" ">
    <subfield code="a">Nursing people experiencing dysfunction of the kidney and the urinary tract.</subfield>
    <subfield code="9">19490</subfield>
  </datafield>
  <datafield tag="650" ind1=" " ind2=" ">
    <subfield code="a">Nursing people experiencing disturbances of the blood and blood-forming organs.</subfield>
    <subfield code="9">19491</subfield>
  </datafield>
  <datafield tag="650" ind1=" " ind2=" ">
    <subfield code="a">Nursing people experiencing disturbances of peripheral vascular function.</subfield>
    <subfield code="9">19492</subfield>
  </datafield>
  <datafield tag="650" ind1=" " ind2=" ">
    <subfield code="a">Nursing people experiencing disturbances of respiratory function.</subfield>
    <subfield code="9">19493</subfield>
  </datafield>
  <datafield tag="650" ind1=" " ind2=" ">
    <subfield code="a">Nursing people experiencing disturbances of digestive function.</subfield>
    <subfield code="9">19494</subfield>
  </datafield>
  <datafield tag="650" ind1=" " ind2=" ">
    <subfield code="a">Nursing people experiencing disturbances of the liver, biliary tract and pancreas.</subfield>
    <subfield code="9">19495</subfield>
  </datafield>
  <datafield tag="650" ind1=" " ind2=" ">
    <subfield code="a">Nursing people experiencing disturbances of endocrine and metabolic function.</subfield>
    <subfield code="9">19496</subfield>
  </datafield>
  <datafield tag="650" ind1=" " ind2=" ">
    <subfield code="a">Nursing people experiencing disturbances of musculoskeletal function.</subfield>
    <subfield code="9">19497</subfield>
  </datafield>
  <datafield tag="650" ind1=" " ind2=" ">
    <subfield code="a">Nursing people experiencing disturbances of the integumentary system.</subfield>
    <subfield code="9">19498</subfield>
  </datafield>
  <datafield tag="650" ind1=" " ind2=" ">
    <subfield code="a">Nursing people experiencing disturbances of the reproductive system.</subfield>
    <subfield code="9">19499</subfield>
  </datafield>
  <datafield tag="650" ind1=" " ind2=" ">
    <subfield code="a">Nursing people experiencing disturbances of the eye and ear.</subfield>
    <subfield code="9">19500</subfield>
  </datafield>
  <datafield tag="650" ind1=" " ind2=" ">
    <subfield code="a">Nursing people experiencing disturbances of the nose, sinuses, pharynx, and larynx.</subfield>
    <subfield code="9">19501</subfield>
  </datafield>
  <datafield tag="650" ind1=" " ind2=" ">
    <subfield code="a">Nursing people experiencing dependency on alcohol and other drugs.</subfield>
    <subfield code="9">19502</subfield>
  </datafield>
  <datafield tag="650" ind1=" " ind2=" ">
    <subfield code="a">Nursing people experiencing medical-surgical emergencies.</subfield>
    <subfield code="9">19503</subfield>
  </datafield>
  <datafield tag="700" ind1=" " ind2=" ">
    <subfield code="a">Sorensen, Karen Creason</subfield>
    <subfield code="9">19504</subfield>
  </datafield>
  <datafield tag="942" ind1=" " ind2=" ">
    <subfield code="2">ddc</subfield>
    <subfield code="c">BK</subfield>
    <subfield code="e">Second edition</subfield>
    <subfield code="n">0</subfield>
  </datafield>
  <datafield tag="999" ind1=" " ind2=" ">
    <subfield code="c">6071</subfield>
    <subfield code="d">6071</subfield>
  </datafield>
  <datafield tag="952" ind1=" " ind2=" ">
    <subfield code="0">0</subfield>
    <subfield code="1">0</subfield>
    <subfield code="2">ddc</subfield>
    <subfield code="4">0</subfield>
    <subfield code="7">0</subfield>
    <subfield code="a">MED</subfield>
    <subfield code="b">MED</subfield>
    <subfield code="c">MAHL/Nur'sg</subfield>
    <subfield code="d">2004-05-20</subfield>
    <subfield code="l">0</subfield>
    <subfield code="o">MAHL/Nurs'g 616.002'4613 L941 1980</subfield>
    <subfield code="p">MAHL00000784</subfield>
    <subfield code="r">2025-03-20</subfield>
    <subfield code="t">1</subfield>
    <subfield code="w">2025-03-20</subfield>
    <subfield code="y">BK</subfield>
  </datafield>
</record>
